| 000 | 01362nam a22003617a 4500 | ||
|---|---|---|---|
| 001 | 0046202 | ||
| 003 | KOHA_MİRAKIL | ||
| 005 | 20260207003511.0 | ||
| 007 | ta | ||
| 008 | 140922b1999 us |||gr||||#||||0|eng | | ||
| 040 |
_aTR-BiSEU _btur _cTR-BiSEU _erda |
||
| 041 | 0 | _aeng | |
| 044 | _cus | ||
| 050 |
_aD17 _b.R26 1999 |
||
| 100 | 0 | _aRashiduddin Fazlullah. | |
| 245 | 0 |
_aCami'ü't-Tevarih( dünya tarihi) : _bMoğol tarihi II. kısım= Jami'u't-tawarikh:Compendium of chronicles,a history of the Mongols/ _cRashiduddin Fazlullah ; Çeviren W.M. Thackston. |
|
| 264 | 1 |
_aCambridge : _bHarvard Üniversitesi Yakındoğu Dilleri ve Medeniyetleri Bölümü _c1999 |
|
| 300 |
_a517 sayfa ; _c28 cm. |
||
| 336 |
_ametin _btxt _2rdacontent |
||
| 337 |
_aaracısız _bn _2rdamedia |
||
| 338 |
_acilt _bnc _2rdacarrier |
||
| 490 | 1 |
_aDoğu dilleri ve edebiyatlarının kaynakları ; _v45. |
|
| 490 | 1 | _aOrta Asya Kaynakları ;IV. | |
| 500 | _aKaynakça var. | ||
| 650 | 0 |
_aMoğollar--Tarih. _910355 |
|
| 650 | 0 |
_aSüreli yayınlar. _985100 |
|
| 650 | 0 |
_aTürk edebiyatı--Tarih. _961296 |
|
| 650 | 0 |
_aMongols--History--Early works to 1800. _985101 |
|
| 650 | 0 |
_aWorld history--Early works to 1800. _927752 |
|
| 830 | 1 |
_aDoğu dilleri ve edebiyatlarının kaynakları ; _v45. _985097 |
|
| 830 | 1 |
_aOrta Asya Kaynakları ;IV. _985102 |
|
| 942 |
_2lcc _cBK |
||
| 999 |
_c46168 _d46168 |
||